000 00674nam a2200265Ia 4500
003 OSt
005 20220912150915.0
006 a|||||r|||| 00| 0
007 ta
008 220909b |||||||| |||| 00| 0 eng d
024 _a30583
037 _cTextual
040 _aCSL
_beng
_cCSL
041 _aeng
082 _aB311, M6
100 _aKrall Allan M
245 0 _aApplied analysis
260 _aDordrecht
_bD Reidel Pub
_c1986
300 _axi, 561p.
_ccm.
490 _aMathematics and its Applications
650 _a Numerical analysis
650 _aMathematics
942 _hB311, M6
_cTEXL
_2CC
999 _c57198
_d57198